书目信息 |
| 题名: |
教学论纲
|
|
| 作者: | 张楚廷 著 | |
| 分册: | ||
| 出版信息: | 北京 高等教育出版社 1999.07 |
|
| 页数: | 354页 | |
| 开本: | 16开 | |
| 丛书名: | ||
| 单 册: | ||
| 中图分类: | G42-43 | |
| 科图分类: | ||
| 主题词: | 教学理论 | |
| 电子资源: | ||
| ISBN: | 7-04-007423-0 | |
| 000 | 00529nam0 2200193 45 | |
| 001 | 0106210817 | |
| 005 | 20010621082711.0 | |
| 010 | @a7-04-007423-0@d19.30元 | |
| 100 | @a20010621d1999 km y0chiy0120 ea | |
| 101 | 0 | @achi |
| 105 | @a z 000yy | |
| 200 | 1 | @a教学论纲@AJiao Xue Lun Gang@f张楚廷著@FZhang Chu Ting Zhu |
| 210 | @a北京@c高等教育出版社@d1999.07 | |
| 215 | @a354页@d16开 | |
| 606 | 0 | @a教学理论 |
| 690 | @aG42-43@v3 | |
| 701 | 0 | @a张楚廷@4著 |
| 801 | @aCN@bPftUser@c20010621 | |
| 905 | @f5@b349785-789@dG42-43@eZH831 | |
| 教学论纲/张楚廷著.-北京:高等教育出版社,1999.07 |
| 354页;16开 |
| ISBN 7-04-007423-0:19.30元 |
| ● |
| 相关链接 |
|
|
|
正题名:教学论纲
索取号:G42-43/ZH831
 
预约/预借
| 序号 | 登录号 | 条形码 | 馆藏地/架位号 | 状态 | 备注 |
| 1 | 349785 | 203497858 | 社科二线422/422社科库 32排1列2层/ [索取号:G42-43/ZH831] | 在馆 | |
| 2 | 349786 | 203497867 | 社科库409/409社科库 2排2列5层/ [索取号:G42-43/ZH831] | 在馆 | |
| 3 | 349787 | 203497876 | 社科库409/409社科库 2排2列5层/ [索取号:G42-43/ZH831] | 在馆 | |
| 4 | 349788 | 203497885 | 社科库409/409社科库 2排2列5层/ [索取号:G42-43/ZH831] | 在馆 | |
| 5 | 349789 | 203497894 | 社科二线422/422社科库 32排1列2层/ [索取号:G42-43/ZH831] | 在馆 |